[Event "GBR-ch Seniors 50 108th"]
[Site "Torquay"]
[Date "2022.08.11"]
[Round "4"]
[White "Handley, Michael R"]
[Black "Littlejohns, David"]
[Result "0-1"]
[WhiteElo "1975"]
[BlackElo "1943"]
[PlyCount "48"]
[EventDate "2022.08.08"]
[EventType "swiss"]
[EventRounds "7"]
[EventCountry "ENG"]
[SourceTitle "EXT 2024"]
[Source "ChessBase"]
[SourceDate "2023.10.10"]
[SourceVersion "1"]
[SourceVersionDate "2023.10.10"]
[SourceQuality "1"]

1. d4 d5 2. Nc3 c6 3. Bf4 Bf5 4. f3 Nf6 5. g4 Bg6 6. h4 h5 7. g5 Ng8 8. Qd2 e6 9. e4 Bd6 10. Nge2 Ne7 11. Bh3 Qc7 12. 0-0-0 Nd7 13. Rhf1 0-0-0 14. Kb1 Kb8 15. a3 Bxf4 16. Nxf4 Rhe8 17. e5 Bf5 18. Bxf5 Nxf5 19. Nxh5 g6 20. Nf6 Nxf6 21. gxf6 Rh8 22. Rh1 Rh5 23. Rh3 c5 24. f4 Nxd4 0-1

[Event "GBR-ch Seniors 50 108th"]
[Site "Torquay"]
[Date "2022.08.08"]
[Round "1"]
[White "Littlejohns, David"]
[Black "Townsend, M Paul"]
[Result "0-1"]
[WhiteElo "1943"]
[BlackElo "2177"]
[PlyCount "144"]
[EventDate "2022.08.08"]
[EventType "swiss"]
[EventRounds "7"]
[EventCountry "ENG"]
[SourceTitle "EXT 2024"]
[Source "ChessBase"]
[SourceDate "2023.10.10"]
[SourceVersion "1"]
[SourceVersionDate "2023.10.10"]
[SourceQuality "1"]

1. e4 g6 2. d4 Bg7 3. Nc3 d6 4. Nf3 Nf6 5. Be2 0-0 6. 0-0 Nbd7 7. a4 e5 8. dxe5 dxe5 9. Bg5 h6 10. Bxf6 Qxf6 11. Nd5 Qd8 12. Qd2 c6 13. Nc3 a5 14. h3 Qe7 15. Rfd1 Re8 16. Qd6 Qxd6 17. Rxd6 Bf8 18. Rdd1 Nf6 19. Bc4 Bb4 20. Bd3 Nd7 21. Ne2 Nc5 22. c3 Nxd3 23. Rxd3 Bc5 24. Rad1 Be6 25. Nc1 f6 26. b3 b5 27. R3d2 bxa4 28. bxa4 Rab8 29. Kf1 Kf7 30. Nd3 Be7 31. Ndxe5+ fxe5 32. Nxe5+ Kf6 33. Nxc6 Rbc8 34. e5+ Kf7 35. Nxa5 Rxc3 36. Nb7 Ra8 37. Nd6+ Kf8 38. Rd4 Ra3 39. Nb5 R3xa4 40. Nc7 Bb3 41. Nxa8 Bxd1 42. Rxd1 Rxa8 43. Rd2 Kf7 44. g3 Ke6 45. Kg2 Kxe5 46. Re2+ Kf6 47. Rc2 Ra6 48. Re2 Bc5 49. Rc2 Bd4 50. Rd2 Ke5 51. Rd3 Ke4 52. Rd2 Rb6 53. Re2+ Kd3 54. Re7 Rb2 55. Rf7 Re2 56. Rf8 Re6 57. Ra8 Rb6 58. Ra3+ Ke2 59. f4 Rb2 60. g4 Rd2 61. Ra6 g5 62. Re6+ Kd1+ 63. Kf3 Rd3+ 64. Kg2 Rd2+ 65. Kf3 Rd3+ 66. Kg2 gxf4 67. Rxh6 Rg3+ 68. Kh2 Ke2 69. Ra6 Rd3 70. g5 f3 71. Re6+ Re3 72. Ra6 f2 0-1

[Event "Torquay Paignton op"]
[Site "Torquay"]
[Date "2018.09.08"]
[Round "7"]
[White "Bolt, Graham"]
[Black "Littlejohns, David"]
[Result "1/2-1/2"]
[WhiteElo "2011"]
[BlackElo "1989"]
[PlyCount "103"]
[EventDate "2018.09.02"]
[EventType "swiss"]
[EventRounds "7"]
[EventCountry "ENG"]
[SourceTitle "CBM 186 Extra"]
[Source "ChessBase"]
[SourceDate "2018.08.24"]
[SourceVersion "1"]
[SourceVersionDate "2018.08.24"]
[SourceQuality "1"]

1. Nf3 Nf6 2. g3 g6 3. Bg2 Bg7 4. 0-0 0-0 5. d3 d5 6. Nbd2 c6 7. e4 Bg4 8. h3 Bxf3 9. Qxf3 e6 10. Qe2 dxe4 11. dxe4 e5 12. a4 Qc7 13. b3 Nbd7 14. Ba3 Rfe8 15. Rfd1 Bf8 16. Bxf8 Nxf8 17. Nc4 Ne6 18. c3 Kg7 19. h4 Rad8 20. b4 b6 21. Bh3 Nf8 22. f3 Ng8 23. Rxd8 Rxd8 24. Rd1 Rxd1+ 25. Qxd1 Nf6 26. Qd6 Qxd6 27. Nxd6 N6d7 28. Nc8 a5 29. Nd6 Kf6 30. Nc4 axb4 31. cxb4 Ke7 32. Kf2 Kd8 33. Ke3 Kc7 34. Kd3 f6 35. f4 c5 36. b5 h6 37. Ne3 Kd6 38. Kc4 Nb8 39. Nd5 Nbd7 40. Bg4 exf4 41. gxf4 g5 42. hxg5 hxg5 43. e5+ fxe5 44. Bxd7 Nxd7 45. fxg5 e4 46. Nf6 Ne5+ 47. Kc3 e3 48. Nh5 e2 49. Kd2 e1Q+ 50. Kxe1 Nf3+ 51. Ke2 Nxg5 52. Kd3 1/2-1/2

[Event "BCF-chT2a 1617 (4NCL)"]
[Site "England"]
[Date "2016.11.20"]
[Round "2.36"]
[White "Scrimgour, Alan"]
[Black "Littlejohns, David"]
[Result "1/2-1/2"]
[WhiteElo "2078"]
[BlackElo "2005"]
[PlyCount "33"]
[EventDate "2016.11.19"]
[EventType "team-tourn"]
[EventRounds "11"]
[EventCountry "ENG"]
[SourceTitle "EXT 2019"]
[Source "ChessBase"]
[SourceDate "2018.10.10"]
[SourceVersion "1"]
[SourceVersionDate "2018.10.10"]
[SourceQuality "1"]
[WhiteTeam "CSC Dragons"]
[BlackTeam "West is Best"]
[WhiteTeamCountry "ENG"]
[BlackTeamCountry "ENG"]

1. e4 c6 2. d4 d5 3. exd5 cxd5 4. c4 Nf6 5. Nc3 Nc6 6. Bg5 e6 7. Nf3 Be7 8. Bd3 0-0 9. 0-0 dxc4 10. Bxc4 Nd5 11. Bxe7 Ncxe7 12. Rc1 b6 13. Bd3 Ng6 14. Nxd5 Qxd5 15. Re1 Qd8 16. Be4 Rb8 17. d5 1/2-1/2

[Event "BCF-chT2a 1617 (4NCL)"]
[Site "England"]
[Date "2016.11.19"]
[Round "1.16"]
[White "Littlejohns, David"]
[Black "Portman, Carl S"]
[Result "1/2-1/2"]
[WhiteElo "2005"]
[BlackElo "1887"]
[PlyCount "70"]
[EventDate "2016.11.19"]
[EventType "team-tourn"]
[EventRounds "11"]
[EventCountry "ENG"]
[SourceTitle "EXT 2019"]
[Source "ChessBase"]
[SourceDate "2018.10.10"]
[SourceVersion "1"]
[SourceVersionDate "2018.10.10"]
[SourceQuality "1"]
[WhiteTeam "West is Best"]
[BlackTeam "Barbican Youth"]
[WhiteTeamCountry "ENG"]
[BlackTeamCountry "ENG"]

1. e4 e6 2. d4 d5 3. exd5 exd5 4. Nf3 Bd6 5. Bd3 Ne7 6. 0-0 Bg4 7. c3 c6 8. Bg5 f6 9. Bh4 Qc7 10. Bg3 Nd7 11. Bxd6 Qxd6 12. Nbd2 0-0-0 13. Qc2 Bh5 14. b4 Bg6 15. a4 Bxd3 16. Qxd3 g5 17. Nb3 Qf4 18. Nc5 Nxc5 19. dxc5 Nf5 20. Rfe1 g4 21. Nd4 Nxd4 22. cxd4 Rde8 23. g3 Qg5 24. Re2 Qg6 25. Rxe8+ Rxe8 26. Qc3 Re2 27. b5 Qc2 28. Qxc2 Rxc2 29. bxc6 bxc6 30. Re1 Rc4 31. Re6 Rc1+ 32. Kg2 Kb7 33. Re7+ Kb8 34. Re8+ Kb7 35. Re7+ Kb8 1/2-1/2

[Event "Torquay op 49th"]
[Site "Torquay"]
[Date "2015.11.15"]
[Round "4"]
[White "Littlejohns, David"]
[Black "Cordner, David A"]
[Result "1/2-1/2"]
[WhiteElo "2006"]
[BlackElo "1981"]
[PlyCount "97"]
[EventDate "2015.11.13"]
[EventType "swiss"]
[EventRounds "5"]
[EventCountry "ENG"]
[SourceTitle "EXT 2022"]
[Source "ChessBase"]
[SourceDate "2021.10.06"]
[SourceVersion "1"]
[SourceVersionDate "2021.10.06"]
[SourceQuality "1"]

1. e4 c6 2. d4 d5 3. Nc3 dxe4 4. Nxe4 Nf6 5. Ng3 Bg4 6. Be2 Bxe2 7. N3xe2 e6 8. Nf3 Nbd7 9. 0-0 Be7 10. c3 0-0 11. Bg5 Nd5 12. Bxe7 Qxe7 13. Qc2 b5 14. b3 Rfc8 15. Qd2 Rd8 16. Rfe1 N7b6 17. Ne5 Rac8 18. Nd3 h6 19. h3 Qg5 20. Qxg5 hxg5 21. Nc5 Nd7 22. Nb7 Rf8 23. Nd6 Rb8 24. Ne4 f6 25. Rac1 Rfc8 26. N2g3 Nf4 27. Rcd1 Rd8 28. Ne2 Nd5 29. Rc1 a5 30. Rc2 a4 31. Nc1 axb3 32. axb3 Ra8 33. Nd3 Ra3 34. Nec5 Nxc5 35. Nxc5 Re8 36. g3 Kf7 37. Kg2 Re7 38. c4 bxc4 39. bxc4 Nb4 40. Rd2 Rc3 41. Ne4 Rc2 42. Ree2 Rxd2 43. Rxd2 e5 44. d5 cxd5 45. cxd5 Rd7 46. d6 Nc6 47. Nc5 Rd8 48. Nb7 Rd7 49. Nc5 1/2-1/2

[Event "BCF-chT3S 1415 (4NCL)"]
[Site "England"]
[Date "2015.01.10"]
[Round "3.77"]
[White "Shepley, Julien M"]
[Black "Littlejohns, David"]
[Result "1/2-1/2"]
[WhiteElo "1974"]
[BlackElo "2002"]
[PlyCount "62"]
[EventDate "2014.11.15"]
[EventType "team-swiss"]
[EventRounds "6"]
[EventCountry "ENG"]
[SourceTitle "EXT 2016"]
[Source "ChessBase"]
[SourceDate "2015.10.08"]
[SourceVersion "1"]
[SourceVersionDate "2015.10.08"]
[SourceQuality "1"]
[WhiteTeam "Guildford IV"]
[BlackTeam "West is Best"]
[WhiteTeamCountry "ENG"]
[BlackTeamCountry "ENG"]

1. e4 c6 2. d4 d5 3. Nd2 dxe4 4. Nxe4 Bf5 5. Ng3 Bg6 6. h4 h6 7. Nf3 Nd7 8. h5 Bh7 9. Bd3 Bxd3 10. Qxd3 Ngf6 11. Bd2 Qc7 12. 0-0-0 e6 13. Ne4 Nxe4 14. Qxe4 Nf6 15. Qe2 Bd6 16. g3 Nd7 17. Bc3 Nf6 18. Ne5 Bxe5 19. dxe5 Nd5 20. Rd3 Nxc3 21. Rxc3 0-0-0 22. f4 Rd5 23. Rd1 Rhd8 24. Rcd3 Qa5 25. a3 Rxd3 26. Rxd3 Rxd3 27. cxd3 Qc5+ 28. Kd2 Qd4 29. Kc2 Qc5+ 30. Kd2 Qd4 31. Kc2 Qc5+ 1/2-1/2

[Event "Torquay op 48th"]
[Site "Torquay"]
[Date "2014.11.15"]
[Round "2"]
[White "Littlejohns, David"]
[Black "Jaunooby, Ali Reza"]
[Result "0-1"]
[WhiteElo "2002"]
[BlackElo "2175"]
[PlyCount "72"]
[EventDate "2014.11.14"]
[EventType "swiss"]
[EventRounds "5"]
[EventCountry "ENG"]
[SourceTitle "EXT 2022"]
[Source "ChessBase"]
[SourceDate "2021.10.06"]
[SourceVersion "1"]
[SourceVersionDate "2021.10.06"]
[SourceQuality "1"]

1. e4 g6 2. d4 Bg7 3. Nf3 d6 4. Nc3 a6 5. a4 b6 6. Bd3 c5 7. Be3 Nc6 8. d5 Nd4 9. Bxd4 cxd4 10. Ne2 Bg4 11. Ng3 e5 12. h3 Bd7 13. Qe2 Qc8 14. Nd2 h5 15. Nc4 Qc7 16. a5 bxa5 17. Nxa5 Bh6 18. Nf1 Nf6 19. Nd2 h4 20. Ndb3 Nh5 21. Nc4 Nf4 22. Qf1 Ke7 23. Nc1 Bb5 24. b3 Qc5 25. Kd1 f5 26. g3 hxg3 27. fxg3 Nh5 28. Qf3 Nf6 29. Rf1 Raf8 30. exf5 gxf5 31. Bxf5 Qxd5 32. Ne2 e4 33. Qg2 d3 34. Nf4 Qd4 35. Bxe4 Nxe4 36. Re1 dxc2+ 0-1

[Event "Torquay op 48th"]
[Site "Torquay"]
[Date "2014.11.15"]
[Round "3"]
[White "MacReamoinn, Brian"]
[Black "Littlejohns, David"]
[Result "1-0"]
[WhiteElo "1882"]
[BlackElo "2002"]
[PlyCount "125"]
[EventDate "2014.11.14"]
[EventType "swiss"]
[EventRounds "5"]
[EventCountry "ENG"]
[SourceTitle "EXT 2022"]
[Source "ChessBase"]
[SourceDate "2021.10.06"]
[SourceVersion "1"]
[SourceVersionDate "2021.10.06"]
[SourceQuality "1"]

1. d4 c6 2. c4 d5 3. Nc3 Nf6 4. Nf3 dxc4 5. e4 b5 6. e5 Nd5 7. Be2 e6 8. h4 Bb4 9. Qc2 Bb7 10. Rh3 Nd7 11. Rg3 Kf8 12. Kf1 Nxc3 13. bxc3 Be7 14. Qe4 Nb6 15. Qg4 g6 16. h5 Rg8 17. Ng5 Bxg5 18. Bxg5 Qd7 19. hxg6 fxg6 20. Qh3 Nd5 21. Bg4 Bc8 22. f4 Qf7 23. a4 Ne7 24. axb5 cxb5 25. Bf3 Nd5 26. Be4 a5 27. f5 exf5 28. Bxd5 Qxd5 29. Qh6+ Ke8 30. e6 Ra7 31. Re1 a4 32. Re5 Qd6 33. Bc1 Qf8 34. Qd2 a3 35. Qa2 Rgg7 36. Kg1 Qd6 37. Bf4 Qa6 38. Bh6 Qa4 39. Bxg7 Qb3 40. Re2 Rxg7 41. Rge3 Bb7 42. Qa1 Ba8 43. Ra2 Be4 44. Re1 Ke7 45. d5 Bxd5 46. Rb1 Qa4 47. Rb4 Qa6 48. Qe1 Qxe6 49. Qh4+ Ke8 50. Rxb5 Rb7 51. Rxd5 Qxd5 52. Re2+ Kf8 53. Qf6+ Qf7 54. Qh8+ Qg8 55. Re8+ Kxe8 56. Qxg8+ Kd7 57. Qf7+ Kc8 58. Qxc4+ Kb8 59. Qa2 Ra7 60. Kf2 Kc7 61. Ke3 Kc6 62. Kd3 Kb6 63. Kc2 1-0

[Event "BCF-chT3S 1314 (4NCL)"]
[Site "England"]
[Date "2014.02.16"]
[Round "6.65"]
[White "Littlejohns, David"]
[Black "Hall, John"]
[Result "1/2-1/2"]
[WhiteElo "2033"]
[BlackElo "2259"]
[PlyCount "28"]
[EventDate "2013.11.16"]
[EventType "team-swiss"]
[EventRounds "6"]
[EventCountry "ENG"]
[SourceTitle "EXT 2015"]
[Source "ChessBase"]
[SourceDate "2014.11.20"]
[SourceVersion "1"]
[SourceVersionDate "2014.11.20"]
[SourceQuality "1"]
[WhiteTeam "West is Best"]
[BlackTeam "Leeds University Old Boys"]
[WhiteTeamCountry "ENG"]
[BlackTeamCountry "ENG"]

1. e4 c5 2. Nc3 Nc6 3. g3 g6 4. Bg2 Bg7 5. d3 d6 6. f4 e6 7. Nf3 Nge7 8. 0-0 0-0 9. Ne2 Rb8 10. c3 b5 11. Be3 b4 12. Qc2 bxc3 13. bxc3 Ba6 14. Rab1 Qa5 1/2-1/2

[Event "BCF-chT3S 1314 (4NCL)"]
[Site "England"]
[Date "2014.01.11"]
[Round "3.56"]
[White "Littlejohns, David"]
[Black "LeMoir, David A"]
[Result "1/2-1/2"]
[WhiteElo "2024"]
[BlackElo "2110"]
[PlyCount "66"]
[EventDate "2013.11.16"]
[EventType "team-swiss"]
[EventRounds "6"]
[EventCountry "ENG"]
[SourceTitle "EXT 2015"]
[Source "ChessBase"]
[SourceDate "2014.11.20"]
[SourceVersion "1"]
[SourceVersionDate "2014.11.20"]
[SourceQuality "1"]
[WhiteTeam "West is Best"]
[BlackTeam "Anglian Avengers II"]
[WhiteTeamCountry "ENG"]
[BlackTeamCountry "ENG"]

1. e4 e5 2. Nf3 Nc6 3. Bb5 a6 4. Ba4 d6 5. Bxc6+ bxc6 6. d4 f6 7. h3 Ne7 8. Nc3 Ng6 9. 0-0 Be7 10. Be3 0-0 11. Qd2 Bd7 12. Rad1 Qc8 13. Nh2 f5 14. f3 f4 15. Bf2 exd4 16. Bxd4 Be6 17. Rfe1 Bh4 18. Bf2 Qd8 19. Bxh4 Qxh4 20. Qf2 Qf6 21. Qd4 Ne5 22. Ng4 Bxg4 23. hxg4 Rab8 24. b3 c5 25. Qd2 Qg5 26. Qf2 g6 27. Kf1 Nc6 28. Nd5 Rf7 29. Ke2 a5 30. Rh1 Nd4+ 31. Kf1 c6 32. Nc3 Qe5 33. Na4 Rd7 1/2-1/2